Man's ruin - God's wrath: (Record no. 415)

000 -LEADER
fixed length control field 00692nam a2200181 a 4500
001 - CONTROL NUMBER
control field :::00013569$&:&@@
003 - CONTROL NUMBER IDENTIFIER
control field OkBaRHE
005 - DATE AND TIME OF LATEST TRANSACTION
control field 20100324120148.0
008 - FIXED-LENGTH DATA ELEMENTS--GENERAL INFORMATION
fixed length control field s1953 j 000 0 eng u
040 ## - CATALOGING SOURCE
Transcribing agency
100 1# - MAIN ENTRY--PERSONAL NAME
Personal name Barnhouse, Donald Grey, 1895-1960.
245 10 - TITLE STATEMENT
Title Man's ruin - God's wrath:
Remainder of title expositions of Bible doctrines taking the epistle to the Romans as a point of departure.
260 ## - PUBLICATION, DISTRIBUTION, ETC. (IMPRINT)
Place of publication, distribution, etc Grand Rapids, MI., :
Name of publisher, distributor, etc Wm. B. Eerdmans Publishing Company
Date of publication, distribution, etc 1953
300 ## - PHYSICAL DESCRIPTION
Extent v. <1-10> ;
Dimensions 22 cm.
650 ## - SUBJECT ADDED ENTRY--TOPICAL TERM
Topical term or geographic name as entry element Bible New Testment Romans
General subdivision Sermons
942 ## - ADDED ENTRY ELEMENTS (KOHA)
Source of classification or shelving scheme
Koha item type Books
Copies
Lost status Koha item type Withdrawn status Copy number Barcode Shelving location Not for loan Date acquired Full call number Collection code Date last seen Damaged status Source of classification or shelving scheme Permanent Location Price effective from Current Location
 Books 113569General Stacks 2010-04-14BS 2665 .B32 V.1Reference2018-02-22  RHEMA Bible Training College2010-04-14RHEMA Bible Training College